| 000 | 00585nam a2200169 i 4500 | ||
|---|---|---|---|
| 001 | 24073 | ||
| 003 | ES-MaACL | ||
| 005 | 20230906153001.0 | ||
| 007 | t| | ||
| 008 | 021213s1921 sp ||||1| spa d | ||
| 100 | 1 |
_aAmor y Rico, Antonio. _921299 |
|
| 245 | 1 | 0 |
_aAlgunos datos sobre las aguas potables de Granada _b: discurso leído en la apertura del curso de 1921 a 1922 en la Universidad de Granada / _cAntonio Amor y Rico. |
| 260 |
_aGranada : _bLibrería Guevara, _c1921. |
||
| 300 |
_a84 p. ; _c29 cm. |
||
| 710 | 2 |
_aUniversidad de Granada. _97176 |
|
| 852 |
_aES-MaACL _j1612-F-6 |
||
| 999 |
_c24073 _d24073 |
||